Orientaciones para la catequesis en Chile

Saved in:
書目詳細資料
企業作者: Conferencia Episcopal de Chile (Author)
格式: 圖書
語言:西班牙语
出版: Santiago Comisión Nacional de Catequesis 2003
叢編:Documento de Trabajo
主題:
標簽: 添加標簽
沒有標簽, 成為第一個標記此記錄!

MARC

LEADER 00000nam a2200000 a 4500
001 UCL3819
003 CL-VaPUC
008 031212e20030000CL |||||||||||||||||spa|d
082 0 4 |a 268  |b CON  |2 21 
110 2 |a Conferencia Episcopal de Chile  |e author  |9 481234 
245 1 0 |a Orientaciones para la catequesis en Chile 
300 |a 122 p 
942 |c BK 
945 |d 20031212 00:00:00  |a cmena 
260 |a Santiago  |b Comisión Nacional de Catequesis  |c 2003 
650 0 |a Catequesis  |9 314526 
650 0 |a Educación religiosa   |9 308312 
650 0 |a Cristianismo  |9 257361 
650 7 |a EVANGELIZACION  |2 CL-VaPUC  |9 481235 
583 |a last modification  |c 20031212 00:00:00  |k Rodrigo Vera 
490 0 |a Documento de Trabajo 
999 |c 306824  |d 306822 
952 |0 0  |1 0  |4 0  |6 268_000000000000000_CON_2003  |7 0  |8 A  |9 372185  |a BIBTEO  |b BIBTEO  |d 2019-11-21  |i 3973654  |o 268 CON 2003  |p 3973654  |r 2025-01-17  |w 2019-11-21  |y BK  |k ICR 
952 |0 0  |1 0  |4 0  |6 268_000000000000000_CON_2003  |7 0  |8 A  |9 372186  |a BIBTEO  |b BIBTEO  |d 2019-11-21  |i 3973662  |o 268 CON 2003  |p 3973662  |r 2025-01-17  |w 2019-11-21  |y BK  |k ICR 
952 |0 0  |1 0  |4 0  |6 268_000000000000000_CON_2003  |7 0  |8 A  |9 372187  |a BIBTEO  |b BIBTEO  |d 2019-11-21  |i 3973670  |o 268 CON 2003  |p 3973670  |r 2025-01-17  |w 2019-11-21  |y BK  |k ICR